00990nam a2200277 a 450000100060000000300080000600500170001400800410003102000150007203500190008704000320010604100080013808200300014610000350017624500470021126000330025830000440029135000090033550400500034460000540039460000310044865000460047994200120052599900170053795201580055440849BD-RjUL20211209053303.0160511s1970 enkj b 001 0beng  a0434216550 a(BD-RjUL)40964 aDLCcDLCdDLCdBD-RjULbeng aeng00222a942.0850922bDUR 19701 aDuncan, Andrew,d1940-912571114aThe reality of monarchy /cAndrew Duncan,  aLondon :bHeinemann,cc1970. axiv, 373 p. :bgeneal. tables ;c23 cm. a36/- aIncludes bibliographical references and index00aElizabethcQueen of Great Britain,d1926-912571230aWindsor, House of.9125713 0aQueenszGreat BritainxBiography.9125714 2ddccBK c40849d40849 00102ddc40718NFICaRUCLbRUCLcReadingd1974-05-15eOxford University Pressg39.60l0o942.0850922 DUR 1970r2016-05-11 00:00:00tC-1w2016-05-11yBK